[Event "ESP-ch Rapid"]
[Site "Linares"]
[Date "2023.08.19"]
[Round "4"]
[White "Gutierrez Garcia, Marcos II"]
[Black "Martinez Ramirez, Erik"]
[Result "0-1"]
[WhiteElo "2035"]
[BlackElo "2213"]
[PlyCount "54"]
[EventDate "2023.08.19"]
[EventType "swiss (rapid)"]
[EventRounds "10"]
[EventCountry "ESP"]
[SourceTitle "CBM 215 Extra"]
[Source "ChessBase"]
[SourceDate "2023.09.30"]
[SourceVersion "1"]
[SourceVersionDate "2023.09.30"]
[SourceQuality "1"]

1. e4 c5 2. Nf3 Nc6 3. Bb5 e6 4. 0-0 Nge7 5. c3 a6 6. Ba4 b5 7. Bc2 d5 8. exd5 Nxd5 9. d4 Bb7 10. Qe2 cxd4 11. cxd4 Be7 12. Be3 0-0 13. Nbd2 Rc8 14. Rac1 Qb6 15. Ne4 Nxe3 16. fxe3 Nb4 17. Bb1 Rxc1 18. Rxc1 Nxa2 19. Nc5 Nxc1 20. Qc2 g6 21. Qxc1 Rc8 22. b4 Bxf3 23. gxf3 a5 24. bxa5 Qxa5 25. Be4 b4 26. Qd2 Bxc5 27. dxc5 Qxc5 0-1

[Event "ESP-ch Rapid"]
[Site "Linares"]
[Date "2023.08.19"]
[Round "3"]
[White "Martin Fuentes, Alberto"]
[Black "Gutierrez Garcia, Marcos II"]
[Result "1-0"]
[WhiteElo "2388"]
[BlackElo "2035"]
[PlyCount "117"]
[EventDate "2023.08.19"]
[EventType "swiss (rapid)"]
[EventRounds "10"]
[EventCountry "ESP"]
[SourceTitle "CBM 215 Extra"]
[Source "ChessBase"]
[SourceDate "2023.09.30"]
[SourceVersion "1"]
[SourceVersionDate "2023.09.30"]
[SourceQuality "1"]

1. e4 c5 2. Nf3 d6 3. c3 Nf6 4. Be2 g6 5. 0-0 Bg7 6. Bb5+ Nc6 7. d4 cxd4 8. cxd4 a6 9. Bd3 0-0 10. Nc3 Bg4 11. Be3 e5 12. Be2 Bxf3 13. Bxf3 exd4 14. Bxd4 Nxd4 15. Qxd4 Qe7 16. Rad1 Rfd8 17. Rd2 Rd7 18. Rfd1 Rad8 19. g3 Qe6 20. Qb4 h5 21. h4 Bf8 22. Qb6 Rc8 23. Qd4 Bg7 24. Qd3 Bh6 25. Re2 Qc4 26. Ree1 b5 27. a3 Qxd3 28. Rxd3 Kf8 29. Red1 Ke7 30. Kf1 Bg7 31. Bg2 Rc5 32. f4 Bf8 33. Bh3 Rd8 34. e5 Ne8 35. Nd5+ Rxd5 36. Rxd5 f6 37. exd6+ Rxd6 38. Re1+ Kf7 39. Rxd6 Nxd6 40. Be6+ Kg7 41. Bd5 f5 42. Rc1 Be7 43. Rc6 a5 44. b3 Kf6 45. Ra6 b4 46. Rxa5 bxa3 47. Rxa3 Nb5 48. Ra6+ Kg7 49. Bc4 Nd6 50. Bd3 Kf7 51. b4 Ke6 52. b5 Kd5 53. Ra7 Bf6 54. Ra8 Kd4 55. Be2 Ne4 56. Kg2 Ke3 57. Bf3 Nd2 58. b6 Nxf3 59. Ra3+ 1-0

[Event "ESP-ch U16 rapid"]
[Site "Salobrena"]
[Date "2023.07.30"]
[Round "7"]
[White "Gutierrez Garcia, Marcos II"]
[Black "Torres Rebolledo, Victor"]
[Result "1/2-1/2"]
[WhiteElo "2101"]
[BlackElo "2025"]
[PlyCount "59"]
[EventDate "2023.07.29"]
[EventType "swiss (rapid)"]
[EventRounds "9"]
[EventCountry "ESP"]
[SourceTitle "EXT 2024"]
[Source "ChessBase"]
[SourceDate "2023.10.10"]
[SourceVersion "1"]
[SourceVersionDate "2023.10.10"]
[SourceQuality "1"]

1. d4 Nf6 2. Nf3 e6 3. g3 c5 4. Bg2 cxd4 5. 0-0 d5 6. Nxd4 Be7 7. c4 0-0 8. cxd5 Nxd5 9. e4 Nb4 10. Nc3 N8c6 11. Be3 Nxd4 12. Bxd4 Nc6 13. Be3 e5 14. Nd5 Be6 15. Qd2 Rc8 16. Rfd1 h6 17. Rac1 Re8 18. a3 Bf8 19. b4 a6 20. Bb6 Qg5 21. Qxg5 hxg5 22. Nc7 Re7 23. Nxe6 fxe6 24. Bh3 Kf7 25. Rd6 Ree8 26. Rd7+ Re7 27. Rcd1 Nd4 28. Rxe7+ Bxe7 29. Bxd4 Rd8 30. Kf1 1/2-1/2

[Event "ESP-ch U16 rapid"]
[Site "Salobrena"]
[Date "2023.07.29"]
[Round "2"]
[White "Gutierrez Garcia, Marcos II"]
[Black "Cesar Maestre, Eduardo"]
[Result "0-1"]
[WhiteElo "2101"]
[BlackElo "1783"]
[PlyCount "121"]
[EventDate "2023.07.29"]
[EventType "swiss (rapid)"]
[EventRounds "9"]
[EventCountry "ESP"]
[SourceTitle "EXT 2024"]
[Source "ChessBase"]
[SourceDate "2023.10.10"]
[SourceVersion "1"]
[SourceVersionDate "2023.10.10"]
[SourceQuality "1"]

1. e4 c5 2. Nf3 d6 3. Bb5+ Nd7 4. 0-0 a6 5. Bd3 Ngf6 6. c3 b5 7. Bc2 c4 8. a4 Bb7 9. Re1 e6 10. Nd4 Qb6 11. Na3 e5 12. Nf5 Nc5 13. Qf3 g6 14. Ng3 Bg7 15. d3 cxd3 16. Bxd3 Nxa4 17. Be3 Qc6 18. Qe2 Nc5 19. Nc2 Nxd3 20. Qxd3 0-0 21. Nb4 Qc7 22. Rad1 Rfd8 23. h4 h5 24. Bg5 Rd7 25. Qf3 Nh7 26. Bc1 Nf6 27. Nc2 d5 28. exd5 Rxd5 29. Qe2 Rad8 30. Rxd5 Rxd5 31. Nb4 Rd7 32. Bg5 Nd5 33. Nd3 Nf4 34. Nxf4 exf4 35. Ne4 Bxe4 36. Qxe4 Qd6 37. Bxf4 Qd5 38. Qe3 Qd3 39. Qb6 Qc2 40. Qxa6 Rd1 41. Rxd1 Qxd1+ 42. Kh2 Qg4 43. Bg3 Qf5 44. Qc6 Bf6 45. b3 Kg7 46. c4 bxc4 47. Qxc4 Qd7 48. b4 Qd8 49. b5 Qb6 50. Qc6 Bd4 51. f3 Bc5 52. Qd7 Bg1+ 53. Kh1 Bc5 54. Be5+ Kf8 55. Qc8+ Ke7 56. Bf4 Bd4 57. Bg5+ Kd6 58. Qf8+ Kd5 59. Qxf7+ Kc5 60. f4 Kxb5 61. Qb3+ 0-1

[Event "Madrid Alcorcon op 1st"]
[Site "Madrid"]
[Date "2022.12.29"]
[Round "7"]
[White "Gonzalez Chapado, Dario"]
[Black "Gutierrez Garcia, Marcos II"]
[Result "1/2-1/2"]
[WhiteElo "1381"]
[BlackElo "2022"]
[PlyCount "74"]
[EventDate "2022.12.26"]
[EventType "swiss"]
[EventRounds "9"]
[EventCountry "ESP"]
[SourceTitle "CBM 212 Extra"]
[Source "ChessBase"]
[SourceDate "2023.03.31"]
[SourceVersion "1"]
[SourceVersionDate "2023.03.31"]
[SourceQuality "1"]

1. d4 Nf6 2. Nc3 d5 3. Bf4 e6 4. Nb5 Na6 5. e3 Be7 6. Nf3 0-0 7. Be2 c6 8. Nc3 c5 9. Bxa6 bxa6 10. 0-0 Nh5 11. Bg3 Nxg3 12. hxg3 Rb8 13. Rb1 Qc7 14. Ne2 a5 15. c3 c4 16. Re1 f6 17. Nd2 e5 18. e4 dxe4 19. Nxe4 Bf5 20. f3 h5 21. Nc1 Rfd8 22. Qc2 Bh7 23. dxe5 Qxe5 24. Qe2 f5 25. Qxc4+ Kf8 26. Nd3 Qb5 27. Qxb5 Rxb5 28. Nf4 fxe4 29. Ne6+ Kf7 30. Nxd8+ Bxd8 31. fxe4 Bc7 32. a4 Rg5 33. Rbd1 Bxg3 34. Rd7+ Ke6 35. Red1 Bxe4 36. Rxa7 Bf4 37. Re1 Re5 1/2-1/2

[Event "Villa de Gijon op 6th"]
[Site "Gijon"]
[Date "2022.09.14"]
[Round "7"]
[White "Alvarez Fernandez, Enrique"]
[Black "Gutierrez Garcia, Marcos II"]
[Result "1-0"]
[WhiteElo "2316"]
[BlackElo "1850"]
[PlyCount "130"]
[EventDate "2022.09.10"]
[EventType "swiss"]
[EventRounds "9"]
[EventCountry "ESP"]
[SourceTitle "CBM 210 Extra"]
[Source "ChessBase"]
[SourceDate "2022.11.30"]
[SourceVersion "1"]
[SourceVersionDate "2022.11.30"]
[SourceQuality "1"]

1. d4 d5 2. c4 c6 3. Nf3 Nf6 4. Nc3 e6 5. e3 Nbd7 6. Bd3 Bd6 7. 0-0 0-0 8. e4 dxc4 9. Bxc4 e5 10. Bg5 Re8 11. d5 Nb6 12. Bb3 Bg4 13. h3 Bh5 14. g4 Bg6 15. dxc6 bxc6 16. Kg2 Qe7 17. Nd2 Bb4 18. f3 Nbd7 19. Qe2 Nc5 20. Rfd1 Rad8 21. Nf1 a5 22. Na4 Nxb3 23. axb3 h6 24. Bh4 Rxd1 25. Rxd1 Rd8 26. Rxd8+ Qxd8 27. Ne3 Qd6 28. Nc4 Qe6 29. Nab6 Bc5 30. Bxf6 gxf6 31. Qd2 Bxb6 32. Nxb6 Qxb3 33. Nd7 Qe6 34. Nc5 Qc4 35. Nd3 Qd4 36. Qc3 Qe3 37. Nf2 Qb6 38. b3 Qb5 39. Qc4 Qb6 40. Nd1 Kg7 41. Kf1 Qd8 42. Ke2 Qb6 43. Nf2 Bh7 44. Nd3 Bg8 45. Kd2 Qg1 46. Ke2 Qb1 47. Qc3 Bh7 48. h4 Bg6 49. h5 Bh7 50. Qb2 Qg1 51. Nf2 Bg8 52. Qc3 Qb1 53. Nd1 f5 54. Qxe5+ f6 55. Qxf5 Bf7 56. Qxa5 Qxb3 57. Ne3 Qb2+ 58. Qd2 Qb5+ 59. Kf2 Be6 60. Qd6 Qb2+ 61. Kg3 Qe5+ 62. Qxe5 fxe5 63. Nf5+ Kh7 64. Ne3 Kg7 65. f4 Kf6 1-0

[Event "ESP-ch U18 Rapid"]
[Site "Salobrena"]
[Date "2022.08.07"]
[Round "8"]
[White "Gutierrez Garcia, Marcos II"]
[Black "Tabuenca Mendataurigoitia, Daniel"]
[Result "1-0"]
[WhiteElo "1698"]
[BlackElo "1906"]
[PlyCount "161"]
[EventDate "2022.08.06"]
[EventType "swiss (rapid)"]
[EventRounds "9"]
[EventCountry "ESP"]
[SourceTitle "EXT 2023"]
[Source "ChessBase"]
[SourceDate "2022.10.05"]
[SourceVersion "1"]
[SourceVersionDate "2022.10.05"]
[SourceQuality "1"]

1. e4 e6 2. d4 d5 3. Nd2 c5 4. exd5 Qxd5 5. Ngf3 cxd4 6. Bc4 Qd6 7. 0-0 Nf6 8. Nb3 Nc6 9. Nbxd4 Nxd4 10. Qxd4 Qxd4 11. Nxd4 Bd7 12. c3 a6 13. Be2 Bd6 14. Rd1 Ke7 15. Bf3 Rab8 16. Nb3 b5 17. Be3 Rhc8 18. Ba7 b4 19. Bxb8 Rxb8 20. c4 Rc8 21. Rac1 Be5 22. Rc2 Rc7 23. c5 Ba4 24. g3 Nd7 25. c6 Nb8 26. Rc4 a5 27. Rc5 Bxb2 28. Rxa5 Bxc6 29. Bxc6 Nxc6 30. Rc5 Rc8 31. Na5 Na7 32. Rxc8 Nxc8 33. Nc6+ Kf6 34. Nxb4 Nb6 35. Nd3 Bd4 36. Kg2 e5 37. Ne1 Bc5 38. Nc2 e4 39. Re1 Ke5 40. f3 f5 41. fxe4 fxe4 42. Ne3 h5 43. Nf1 Nc4 44. a4 g5 45. h3 Kd4 46. Rd1+ Kc3 47. Rd5 Bd4 48. Rxg5 e3 49. Nxe3 Nxe3+ 50. Kf3 Kd3 51. Rxh5 Nc4 52. g4 Be3 53. Rh8 Ne5+ 54. Kg3 Ke4 55. Re8 Bf4+ 56. Kh4 Kf3 57. Rxe5 Bxe5 58. Kg5 Ke4 59. h4 Kd5 60. h5 Ke6 61. Kg6 Ke7 62. g5 Kf8 63. Kf5 Bc3 64. h6 Kg8 65. g6 Bd2 66. h7+ Kg7 67. Ke6 Bc3 68. h8Q+ Kxh8 69. Kf7 Bd4 70. a5 Bc3 71. a6 Bg7 72. a7 Bf8 73. Ke8 Kg7 74. a8Q Bd6 75. Qe4 Bf8 76. Qf5 Bd6 77. Qf7+ Kh6 78. g7 Bf8 79. gxf8Q+ Kg5 80. Q7g7+ Kh5 81. Qfh8# 1-0

[Event "ESP-ch U18"]
[Site "Salobrena"]
[Date "2022.08.01"]
[Round "2"]
[White "Gutierrez Garcia, Marcos II"]
[Black "Garcia Molina, Jose"]
[Result "1/2-1/2"]
[WhiteElo "1783"]
[BlackElo "2110"]
[PlyCount "63"]
[EventDate "2022.08.01"]
[EventType "swiss"]
[EventRounds "9"]
[EventCountry "ESP"]
[SourceTitle "EXT 2023"]
[Source "ChessBase"]
[SourceDate "2022.10.05"]
[SourceVersion "1"]
[SourceVersionDate "2022.10.05"]
[SourceQuality "1"]

1. e4 c5 2. Nc3 a6 3. g3 b5 4. Bg2 Bb7 5. Nge2 e6 6. d4 cxd4 7. Nxd4 Nf6 8. Qe2 b4 9. Na4 Qc7 10. 0-0 d6 11. c4 Be7 12. b3 Nbd7 13. Bd2 Nc5 14. Bxb4 Ncxe4 15. Rac1 Nc5 16. Bxb7 Qxb7 17. Bxc5 dxc5 18. Qf3 0-0-0 19. Qc6+ Kb8 20. Nxc5 Bxc5 21. Qxc5 Ka8 22. Rfd1 Rc8 23. Qe5 Rhd8 24. Nc2 Qf3 25. Qe1 e5 26. Ne3 Rd4 27. Qa5 Ng4 28. Qxa6+ Kb8 29. Qb6+ Ka8 30. Qa6+ Kb8 31. Qb6+ Ka8 32. Qa6+ 1/2-1/2

[Event "ESP-ch U16 Rapid"]
[Site "Salobrena"]
[Date "2022.07.31"]
[Round "5"]
[White "Gutierrez Garcia, Marcos II"]
[Black "Garcia Vives, Joan"]
[Result "1-0"]
[WhiteElo "1603"]
[BlackElo "1394"]
[PlyCount "118"]
[EventDate "2022.07.30"]
[EventType "swiss (rapid)"]
[EventRounds "9"]
[EventCountry "ESP"]
[SourceTitle "EXT 2023"]
[Source "ChessBase"]
[SourceDate "2022.10.05"]
[SourceVersion "1"]
[SourceVersionDate "2022.10.05"]
[SourceQuality "1"]

1. e4 c5 2. Nf3 e6 3. g3 Nc6 4. Bg2 d6 5. 0-0 Nf6 6. Nc3 Be7 7. d4 cxd4 8. Nxd4 0-0 9. Nb3 b6 10. e5 Nd5 11. Nxd5 exd5 12. exd6 Qxd6 13. Qxd5 Qxd5 14. Bxd5 Bb7 15. Be3 Rfd8 16. Rad1 Rd7 17. Bxf7+ Kxf7 18. Rxd7 Ba6 19. Rfd1 Ne5 20. Rc7 Be2 21. Rd5 Nf3+ 22. Kg2 Ne1+ 23. Kh1 Bf3+ 24. Kg1 Bxd5 25. Kf1 Nf3 26. Nc1 Nxh2+ 27. Ke2 Bf3+ 28. Ke1 Rd8 29. Nd3 Ng4 30. Rxa7 Nxe3 31. fxe3 Be4 32. Nf2 Bxc2 33. Ng4 Bf5 34. Ne5+ Kf6 35. Nf3 Bb4+ 36. Kf2 Bc5 37. a3 Bg4 38. b4 Be7 39. Nd4 Rd7 40. Ra6 Rd6 41. a4 Bc8 42. Ra8 Bb7 43. Rb8 Bc6 44. b5 Bd5 45. g4 Kf7 46. Nf5 Rf6 47. Ke2 Be6 48. Nd4 Bxg4+ 49. Kd3 Bf5+ 50. Kc4 Be6+ 51. Kd3 Bc5 52. Nc6 Rf3 53. Ne5+ Kf6 54. Nxf3 Bf5+ 55. e4 Bg4 56. Nd2 h5 57. Nc4 h4 58. Nxb6 h3 59. Nd5+ Ke5 1-0

[Event "ESP-ch U16 Rapid"]
[Site "Salobrena"]
[Date "2022.07.31"]
[Round "7"]
[White "Gutierrez Garcia, Marcos II"]
[Black "Robledo Sanchez, Saul"]
[Result "0-1"]
[WhiteElo "1603"]
[BlackElo "1436"]
[PlyCount "124"]
[EventDate "2022.07.30"]
[EventType "swiss (rapid)"]
[EventRounds "9"]
[EventCountry "ESP"]
[SourceTitle "EXT 2023"]
[Source "ChessBase"]
[SourceDate "2022.10.05"]
[SourceVersion "1"]
[SourceVersionDate "2022.10.05"]
[SourceQuality "1"]

1. e4 c5 2. Nf3 Nc6 3. c4 g6 4. d4 cxd4 5. Nxd4 Nf6 6. Nc3 d6 7. Be2 Nxd4 8. Qxd4 Bg7 9. 0-0 0-0 10. Qd3 Be6 11. Be3 Rc8 12. Nd5 b6 13. Rac1 Nd7 14. b3 Ne5 15. Qd2 Ng4 16. Bd4 Ne5 17. f4 Nc6 18. Bxg7 Kxg7 19. Ne3 f5 20. Bf3 Qd7 21. Rce1 Rf7 22. g3 fxe4 23. Bxe4 Bh3 24. Bg2 Bxg2 25. Kxg2 Rcf8 26. Nd5 e6 27. Nc3 e5 28. Ne2 Qb7 29. Qd5 Nb4 30. Qxb7 Rxb7 31. fxe5 Rxf1 32. Rxf1 dxe5 33. a3 Nc2 34. a4 Ne3+ 35. Kf2 Nxf1 36. Kxf1 Kf6 37. Nc3 Kf5 38. Ke2 Kg4 39. Kf2 h5 40. Kg2 g5 41. Ne4 Rg7 42. Nd6 h4 43. h3+ Kh5 44. g4+ Kg6 45. b4 Rd7 46. c5 bxc5 47. bxc5 Kf6 48. Ne4+ Ke6 49. Nxg5+ Kd5 50. Nf3 Rh7 51. Kf2 e4 52. Nd2 Kd4 53. Nb3+ Kd3 54. c6 e3+ 55. Ke1 Rc7 56. Nc5+ Kc4 57. Nd7 Kd4 58. g5 Rxc6 59. Nf6 Kd3 60. Kf1 Rc1+ 61. Kg2 e2 62. g6 e1Q 0-1

[Event "ESP-ch U16"]
[Site "Salobrena"]
[Date "2022.07.29"]
[Round "8"]
[White "Diaz Mino, Daniel"]
[Black "Gutierrez Garcia, Marcos II"]
[Result "1-0"]
[WhiteElo "2151"]
[BlackElo "1783"]
[PlyCount "129"]
[EventDate "2022.07.25"]
[EventType "swiss"]
[EventRounds "9"]
[EventCountry "ESP"]
[SourceTitle "EXT 2023"]
[Source "ChessBase"]
[SourceDate "2022.10.05"]
[SourceVersion "1"]
[SourceVersionDate "2022.10.05"]
[SourceQuality "1"]

1. e4 c5 2. Nf3 d6 3. Bb5+ Nd7 4. Ba4 a6 5. c4 Ngf6 6. 0-0 e6 7. Re1 Be7 8. Nc3 0-0 9. d4 cxd4 10. Nxd4 Qc7 11. Qe2 Ne5 12. Bb3 Ng6 13. Be3 Bd7 14. Rad1 Rac8 15. f3 Ne5 16. Rc1 Nxc4 17. Bxc4 Qxc4 18. Nd5 Qxe2 19. Nxe7+ Kh8 20. Nxe2 Rxc1 21. Rxc1 Re8 22. e5 dxe5 23. Bc5 Nd5 24. Nxd5 exd5 25. Rd1 d4 26. Ng3 f6 27. Ne4 Bc6 28. Nd6 Re6 29. Nf7+ Kg8 30. Nd8 Re8 31. Nxc6 bxc6 32. Ba3 Kf7 33. Rc1 Rc8 34. Kf2 Ke6 35. Ke2 Kd7 36. Kd3 Kc7 37. Bc5 Rb8 38. b3 Rd8 39. g4 Kd7 40. Ke4 Ke6 41. Ba3 Rc8 42. f4 exf4 43. Kxd4 g5 44. Re1+ Kf7 45. Re7+ Kg6 46. Ke4 Rd8 47. Bb4 Rd1 48. Re6 Rc1 49. Kd3 Kf7 50. Re7+ Kg6 51. Re2 h5 52. Bd2 Rc5 53. h3 hxg4 54. hxg4 Kf7 55. Rh2 Kg7 56. Bc3 Kg6 57. Bd4 Rc1 58. Rh8 Rd1+ 59. Ke4 Re1+ 60. Kf3 Rd1 61. Bc5 Rd2 62. Rf8 Rd5 63. Be7 f5 64. Rf6+ Kg7 65. Rxf5 1-0

[Event "Oviedo op 8th"]
[Site "Oviedo"]
[Date "2022.07.23"]
[Round "9"]
[White "Serra Olives, Tomas"]
[Black "Gutierrez Garcia, Marcos II"]
[Result "0-1"]
[WhiteElo "2045"]
[BlackElo "1783"]
[PlyCount "72"]
[EventDate "2022.07.17"]
[EventType "swiss"]
[EventRounds "9"]
[EventCountry "ESP"]
[SourceTitle "CBM 209 Extra"]
[Source "ChessBase"]
[SourceDate "2022.09.30"]
[SourceVersion "1"]
[SourceVersionDate "2022.09.30"]
[SourceQuality "1"]

1. e4 c5 2. Nf3 d6 3. d4 cxd4 4. Nxd4 Nf6 5. Nc3 a6 6. Be3 e5 7. Nb3 Be6 8. f3 Be7 9. Qd2 0-0 10. 0-0-0 Nbd7 11. Kb1 b5 12. g4 Nb6 13. Na5 Qc7 14. h4 d5 15. Bxb6 Qxb6 16. g5 d4 17. gxf6 dxc3 18. Qxc3 Bxf6 19. Nb3 Rfc8 20. Qd2 a5 21. Nc1 b4 22. Bh3 Bxh3 23. Rxh3 a4 24. Qg2 Rd8 25. Nd3 b3 26. cxb3 axb3 27. a3 Rac8 28. Qg3 Qe3 29. f4 Rxd3 30. Rg1 Qxg3 31. Rhxg3 Rxg3 32. Rxg3 exf4 33. Rxb3 Bxh4 34. a4 g5 35. a5 g4 36. a6 Ra8 0-1

[Event "Oviedo op 8th"]
[Site "Oviedo"]
[Date "2022.07.18"]
[Round "3"]
[White "Alvarez Alvarez, Francisco"]
[Black "Gutierrez Garcia, Marcos II"]
[Result "0-1"]
[WhiteElo "1397"]
[BlackElo "1783"]
[PlyCount "60"]
[EventDate "2022.07.17"]
[EventType "swiss"]
[EventRounds "9"]
[EventCountry "ESP"]
[SourceTitle "CBM 209 Extra"]
[Source "ChessBase"]
[SourceDate "2022.09.30"]
[SourceVersion "1"]
[SourceVersionDate "2022.09.30"]
[SourceQuality "1"]

1. d4 Nf6 2. Bf4 d5 3. e3 c5 4. c3 Nc6 5. Bd3 Qb6 6. Qc1 g6 7. h3 Bg7 8. Nf3 0-0 9. Nbd2 Nd7 10. Bh2 cxd4 11. exd4 e5 12. dxe5 Ndxe5 13. Bc2 Nxf3+ 14. Nxf3 Re8+ 15. Kf1 d4 16. Bb3 Be6 17. Ba4 Qa6+ 18. Kg1 Qxa4 19. b3 Qa5 20. cxd4 Nxd4 21. Nxd4 Bxd4 22. Rb1 Qxa2 23. Bg3 Bf5 24. Kh2 Bxb1 25. Rd1 Qc2 26. Qxb1 Qxb1 27. Rxb1 Re2 28. Kg1 Rae8 29. Rd1 Re1+ 30. Rxe1 Rxe1+ 0-1

[Event "Trevis San Miguel op 26th"]
[Site "Trevis"]
[Date "2020.09.19"]
[Round "2"]
[White "Gutierrez Garcia, Marcos II"]
[Black "Martin Cabeza, Nicolas"]
[Result "1-0"]
[WhiteElo "1416"]
[BlackElo "1359"]
[PlyCount "73"]
[EventDate "2020.09.19"]
[EventType "swiss"]
[EventRounds "3"]
[EventCountry "ESP"]
[SourceTitle "EXT 2024"]
[Source "ChessBase"]
[SourceDate "2023.10.10"]
[SourceVersion "1"]
[SourceVersionDate "2023.10.10"]
[SourceQuality "1"]

1. e4 c5 2. c3 Nf6 3. e5 Nd5 4. d4 cxd4 5. cxd4 d6 6. Nf3 Nc6 7. exd6 Qxd6 8. Nc3 Bf5 9. Bd3 Bxd3 10. Qxd3 Ndb4 11. Qd1 Nxd4 12. 0-0 Nxf3+ 13. Qxf3 Qc6 14. Qg4 e6 15. Be3 Nd5 16. Bd4 a6 17. Rfd1 Rg8 18. Rac1 Qd7 19. Qh3 h6 20. Nxd5 Qxd5 21. Bb6 Qb5 22. Qe3 Be7 23. Rc7 Rd8 24. Rdc1 Bg5 25. f4 Bxf4 26. Qxf4 Qxb6+ 27. Kh1 Rf8 28. h3 Qxb2 29. Qe4 Qd4 30. Qxb7 Rd7 31. Rxd7 Qxd7 32. Rc8+ Qxc8 33. Qxc8+ Ke7 34. Qxa6 e5 35. a4 e4 36. Qb7+ Kf6 37. Qxe4 1-0

[Event "Alcorcon Spring op-B 1st"]
[Site "Alcorcon"]
[Date "2019.05.12"]
[Round "7"]
[White "Gutierrez Garcia, Marcos II"]
[Black "Martin Sanchez, Ivan"]
[Result "1-0"]
[WhiteElo "1280"]
[BlackElo "1102"]
[PlyCount "105"]
[EventDate "2019.03.24"]
[EventType "swiss"]
[EventRounds "9"]
[EventCountry "ESP"]
[SourceTitle "EXT 2020"]
[Source "ChessBase"]
[SourceDate "2019.10.17"]
[SourceVersion "1"]
[SourceVersionDate "2019.10.17"]
[SourceQuality "1"]

1. e4 e5 2. Nf3 Nc6 3. Bc4 Nf6 4. d3 d6 5. c3 Bg4 6. 0-0 g6 7. Bg5 Bg7 8. Nbd2 0-0 9. h3 h6 10. Bxf6 Qxf6 11. hxg4 Qf4 12. Nh2 d5 13. Bxd5 Ne7 14. Bb3 Rad8 15. Nc4 Nc6 16. a4 b6 17. Qe2 h5 18. Rad1 hxg4 19. Qxg4 Qh6 20. f4 b5 21. axb5 Ne7 22. Nxe5 Bxe5 23. fxe5 Qe3+ 24. Kh1 Qc5 25. e6 f6 26. Bc4 Kg7 27. Rf3 Rh8 28. Rh3 Rxh3 29. gxh3 Qe3 30. Rf1 Rh8 31. Qf3 Qg5 32. Ng4 Ng8 33. e5 f5 34. Nf2 Ne7 35. Rg1 Qh6 36. d4 Qd2 37. b3 Rh4 38. Nd3 g5 39. Qg3 Ng6 40. e7 Nxe7 41. Qxg5+ Qxg5 42. Rxg5+ Kh6 43. Rg3 Re4 44. Kg2 f4 45. Rg4 Kh5 46. Kf3 Nf5 47. Kxe4 Ng3+ 48. Kxf4 Ne2+ 49. Ke3 Nf4 50. Nxf4+ Kh6 51. Rg6+ Kh7 52. Bg8+ Kh8 53. Ne6 1-0

[Event "Alcorcon Spring op-B 1st"]
[Site "Alcorcon"]
[Date "2019.04.07"]
[Round "3"]
[White "Orantos Alonso, Francisco D"]
[Black "Gutierrez Garcia, Marcos II"]
[Result "1-0"]
[WhiteElo "1687"]
[BlackElo "1280"]
[PlyCount "119"]
[EventDate "2019.03.24"]
[EventType "swiss"]
[EventRounds "9"]
[EventCountry "ESP"]
[SourceTitle "EXT 2020"]
[Source "ChessBase"]
[SourceDate "2019.10.17"]
[SourceVersion "1"]
[SourceVersionDate "2019.10.17"]
[SourceQuality "1"]

1. b4 Nf6 2. Bb2 e6 3. a3 b6 4. c4 d5 5. e3 Bb7 6. Nf3 c5 7. b5 Be7 8. Be2 Nbd7 9. 0-0 h6 10. d3 Nf8 11. Nbd2 Ng6 12. Qc2 Qc7 13. a4 Rc8 14. Rfc1 0-0 15. Bc3 Qd6 16. Qb2 Kh8 17. a5 bxa5 18. Rxa5 Ra8 19. Rca1 a6 20. bxa6 Bxa6 21. R1a2 Ra7 22. Qa1 Rfa8 23. g3 Kh7 24. h4 Bf8 25. Nh2 Ne8 26. Nhf3 Nc7 27. h5 Ne7 28. Be5 Qc6 29. Bxc7 Qxc7 30. Rxa6 Rxa6 31. Rxa6 Rxa6 32. Qxa6 Nf5 33. Kg2 Bd6 34. g4 Ne7 35. Nb3 g6 36. d4 cxd4 37. Nbxd4 Be5 38. Bd3 Kg7 39. hxg6 Nxg6 40. cxd5 Bxd4 41. Nxd4 exd5 42. Qb5 Qc8 43. f3 Qc1 44. Bxg6 Qd2+ 45. Qe2 Qxe2+ 46. Nxe2 Kxg6 47. Kg3 Kf6 48. f4 Ke6 49. Kh4 Kf6 50. Kh5 Kg7 51. Nc3 f6 52. Nxd5 f5 53. gxf5 Kh7 54. e4 Kg7 55. e5 Kh7 56. f6 Kg8 57. e6 Kh7 58. e7 Kg8 59. Kg6 Kh8 60. e8Q# 1-0